| 000 | 00334nam a22001337a 4500 | ||
|---|---|---|---|
| 008 | 170128b xxu||||| |||| 00| 0 eng d | ||
| 020 | _a1557667667 | ||
| 041 | _aeng | ||
| 080 |
_22ND _a61 |
||
| 100 | _a3 | ||
| 101 | _aSHM | ||
| 245 |
_aMEDICAL CARE FOR CHILDREN & ADULTS WITH DEVELOPMENTAL DISABILITIES _cRUBIN, I.L |
||
| 942 |
_2udc _cBK |
||
| 999 |
_c3934 _d3934 |
||